Datum a čas kvízu
33.5
Celkem bodů
Celkový počet nahraných bodů na tomto kvízu bez doplňovacích otázek.
7.
Pořadí na kvízu
Konečné umístění týmu na tomto kvízu.
Zaznamenané odpovědi
| # | Otázka | Odpověď | Body | Výsledky |
|---|---|---|---|---|
| 1. | Europoslanci Pavel Telička a P... | 0 | ||
| 2. | Americký prezident Donald Trum... | 1 | ||
| 3. | Cenu Grammy za nejlepší rockov... | 0 | ||
| 4. | Společnost Google minulý týden... | 1 | ||
| 5. | Trenér české hokejové reprezen... | 1 | ||
| 6. | O Venezuele se poslední dobou... | 1 | ||
| 7. | Důvodem, proč se o Venezuele m... | 1 | ||
| 8. | Jak se slovy na V a K česky ří... | 0 | ||
| 9. | Jak se jmenuje jedna z největš... | 0 | ||
| 10. | Vzhledem k přírodním podmínkám... | 1 |